000 01160nam a22002897a 4500
999 _c519
_d519
003 AR-CdUCM
008 190223b ||||| |||| 00| 0 spa d
040 _aMUNICIPALIDAD PROVINCIAL DEL CUSCO
_cBIBLIOTECA MUNICIPAL DEL CUSCO
082 _a338.98 /
_bJ15
100 _aJaguaribe, Helio
_92019
245 _aLa dominación de América Latina /
260 _aLima :
_bFrancisco Moncloa Editores,
_c1968.
300 _a221 páginas ;
_c20 cm.
500 _aDonación familia Nieto
505 _aLa asistencia técnica extranjera y el desarrollo nacional -- La hegemonía de los Estados Unidos y el futuro de América Latina -- Tensiones sociales en los países de la periferia -- La "crisis latinoamericana" y su marco externo - Política nacional de desarrollo y dependencia externa ...
650 _aSocial
_92020
650 _aEconomía
_9382
650 _aDesarrollo
_92021
700 _aFurtado, Celso
_92022
700 _aDi Tella, Torcuato S.
_92023
700 _aEspartaco
_92024
700 _aSunkel, Oswaldo
_92025
700 _aCardoso, Fernando H.
_92026
700 _aFaletto, Enzo
_92027
942 _2ddc
_cLIBROS
945 _aafb
_d2019-02-23